STN EN 1278: 2001 (75 8406) [neplatná], Chemikálie používané pri úprave vody na pitnú vodu. Ozón

Táto národná norma je identická s EN 1278: 1998

Bibliographic Details
Main Author: Lengyelová, Adriana (Author)
Corporate Author: Výskumný ústav vodného hospodárstva (Bratislava, Slovensko) (Translator)
Other Authors: Smiešková, Jana (Translator)
Format: Book
Language:Slovak
English
PhysicalDescription:20 s. tab. 30 cm
Published: Bratislava Slovenský ústav technickej normalizácie 2001
Subjects:

MARC

LEADER 00000nam a2200000 a 4500
001 vtls010276828
003 SK-MaSNL
005 20260302011736.0
008 160628s2001 xo a f u 000 0 slo
015 |a SNBN2014 
020 |c (cen. skup. 11) 
040 |a SNK  |b slo  |c SNK  |e AACR2 
041 1 |a slo  |h eng 
044 |a xo  |c SK 
046 |a m  |m 200105 (účin.)  |n 201010 (zruš.) 
072 7 |a 628  |x Sanitárna technika. Vodárenstvo. Odpadové hospodárstvo. Svetelná technika  |2 konspekt 
072 7 |a 546  |x Anorganická chémia  |2 konspekt 
080 |a 628.16  |2 2001 
080 |a 006.7/.8  |2 2001 
080 |a (437.6)  |2 2001 
080 |a (4)  |2 2001 
080 |a (083)  |2 2001 
080 |a 628.1.033  |2 2001 
080 |a 54-4  |2 2001 
080 |a 546.214  |2 2001 
084 |a 71.100.80  |2 ICS 
130 0 |a STN 75 8406 (STN EN 1278) [neplatná]  |9 652624 
245 1 0 |a STN EN 1278: 2001 (75 8406) [neplatná], Chemikálie používané pri úprave vody na pitnú vodu. Ozón 
246 1 0 |a Chemikálie používané pri úprave vody na pitnú vodu 
246 1 0 |a Ozón 
260 |a Bratislava  |b Slovenský ústav technickej normalizácie  |c 2001 
300 |a 20 s.  |b tab.  |c 30 cm 
500 |a Súbežný názov v angličtine, francúzštine, nemčine 
500 |a Spracovateľ: Výskumný ústav vodného hospodárstva Bratislava, Jana Smiešková ; SÚTN Bratislava, Adriana Lengyelová 
500 |a Norma je nahradená normou STN EN 1278 z októbra 2010 
504 |a Citované normy, súvisiace právne predpisy s. 2 ; literatúra s. 18 
520 8 |a Táto národná norma je identická s EN 1278: 1998 
540 |a STN vydané na akomkoľvek nosiči sa môžu rozmnožovať a rozširovať iba so súhlasom určenej právnickej osoby  |b SÚTN Bratislava  |c zákon 264/1999 Z.z. 
650 0 7 |a úprava vody  |2 SNKPH  |9 30045 
650 0 7 |a technické normy a štandardy  |z Slovensko  |2 SNKPH  |9 79594 
650 0 7 |a technické normy a štandardy  |z krajiny Európskej únie  |2 SNKPH  |9 289341 
650 0 7 |a Water treatment  |2 SNKPHeng  |9 297633 
650 0 7 |a pitná voda  |2 SNKPH  |9 69061 
650 0 7 |a Drinking water  |2 SNKPHeng  |9 314281 
650 0 7 |a chemické látky  |2 SNKPH  |9 58522 
650 0 7 |a Chemicals  |2 SNKPHeng  |9 305072 
650 0 7 |a ozón  |2 SNKPH  |9 16607 
650 0 7 |a Ozone  |2 SNKPHeng  |9 291786 
655 7 |a normy  |2 SNKPH  |9 70643 
700 1 |a Smiešková, Jana  |4 trl  |9 314282 
700 1 |a Lengyelová, Adriana  |4 aut  |9 89879 
710 2 |a Výskumný ústav vodného hospodárstva (Bratislava, Slovensko)  |4 trl  |9 33960 
710 2 |a Slovenský ústav technickej normalizácie (Bratislava, Slovensko).  |b Technická normalizačná komisia č. 1 Vodovody a kanalizácie  |4 stn  |9 314283 
958 |a NB 
958 |a OP 
999 |c 1007242  |d 1009172 
952 |a SNK  |b SNK  |y PREZ  |7 0  |p 17A0702300  |o snkSTN EN 1278  |i snk2011/10442  |8 0  |0 0  |1 0  |4 0  |d 2011-05-09  |l 0  |r 2026-02-24 12:40:11  |w 2026-02-24 
952 |a SNK  |b SNK  |y PREZ  |7 0  |p 17A0702297  |o snkSTN EN 1278 D1  |i snk2011/10443  |8 0  |0 0  |1 0  |4 0  |d 2011-05-09  |l 0  |r 2026-02-24 12:40:11  |w 2026-02-24